Six Flags Amusement Parks Quiz - Statistics

General Stats
  • This quiz has been taken 232 times
    18 since last reset
  • The average score is 16 of 20
Answer Stats
Location Amusement Park % Correct
Arlington, Texas Six Flags Over Texas
100%
Vaughan, Ontario, Canada Canada's Wonderland
93%
Sandusky, Ohio Cedar Point
93%
Mexico City, Mexico Six Flags Mexico
93%
Qiddiya City, Saudi Arabia Six Flags Qiddiya City
93%
Mason, Ohio Kings Island
87%
San Antonio, Texas Six Flags Fiesta Texas
87%
Jackson, New Jersey Six Flags Great Adventure
87%
Austell, Georgia Six Flags Over Georgia
87%
Charlotte, North Carolina Carowinds
80%
Doswell, Virginia Kings Dominion
80%
Buena Park, California Knott's Berry Farm
80%
Darien Center, New York Six Flags Darien Lake
80%
Gurnee, Illinois Six Flags Great America
80%
Valencia, California Six Flags Magic Mountain
80%
Agawam, Massachusetts Six Flags New England
80%
Oklahoma City, Oklahoma Frontier City
73%
Santa Clara, California California's Great America
60%
Allentown, Pennsylvania Dorney Park
60%
Vallejo, California Six Flags Discovery Kingdom
60%
No matching quizzes found
Score Distribution
Percent of People with Each Score
Percentile by Number Answered
Your Score History
You have not taken this quiz since the last reset